[Event "Politiken Cup"]
[Site "Copenhagen"]
[Date "2006.07.26"]
[Round "5.110"]
[White "Forsmann, Henning"]
[Black "Tudvad, Mads"]
[Result "0-1"]
[WhiteElo "1828"]
[BlackElo "1493"]
[PlyCount "126"]
[EventDate "2006.??.??"]

1. c4 Nf6 2. Nc3 e6 3. g3 d5 4. Bg2 Be7 5. d4 c6 6. cxd5 exd5 7. Nf3 Bf5 8. O-O
O-O 9. Qb3 Qc8 10. Bf4 Nbd7 11. Nh4 Be6 12. Nf3 Ne4 13. Rac1 Ndf6 14. Ng5 Nxg5
15. Bxg5 Qd7 16. f3 h6 17. Be3 Rfe8 18. Bf2 Bd6 19. Qc2 Bf5 20. e4 Bg6 21. Rfe1
Bb4 22. Re3 Re6 23. Qe2 dxe4 24. Bh3 exf3 25. Bxe6 fxe2 26. Bxd7 Nxd7 27. Nxe2
Bd2 28. Re7 Bxc1 29. Nxc1 Bf5 30. Re3 Kf8 31. Rb3 b5 32. Rc3 Be4 33. Nb3 Bd5
34. Na5 Rc8 35. a3 Nf6 36. Be1 Ke8 37. Re3+ Kd7 38. Bb4 Ne4 39. Nb3 Bxb3 40.
Rxb3 Re8 41. Rf3 f6 42. Kg2 Ng5 43. Rf2 Re4 44. Rd2 f5 45. d5 cxd5 46. Rxd5+
Kc6 47. Rd2 Re5 48. Bf8 Ne6 49. Bd6 Re4 50. h4 h5 51. Kf2 g6 52. Bb4 Nd4 53.
Bf8 Ne6 54. Bb4 Rd4 55. Kf3 Re4 56. Bc3 Nc7 57. Rd4 Re6 58. Ba5 Nd5 59. Bd2 Kc5
60. Bc3 Nxc3 61. bxc3 Ra6 62. Kf4 Rxa3 63. Kg5 Rxc3 0-1

[Event "Politiken Cup"]
[Site "Copenhagen"]
[Date "2006.07.26"]
[Round "5.111"]
[White "Stangeland, Maren"]
[Black "Lavresen, Frands Winther"]
[Result "1-0"]
[WhiteElo "1146"]
[BlackElo "1764"]
[PlyCount "113"]
[EventDate "2006.??.??"]

1. e4 Nc6 2. d4 d5 3. e5 Bf5 4. c3 Qd7 5. Bd3 O-O-O 6. Ne2 f6 7. exf6 gxf6 8.
O-O Nh6 9. Bf4 e5 10. Bg3 Nf7 11. Bb5 h5 12. f3 h4 13. Bf2 Ng5 14. Nd2 Bd6 15.
c4 Bb4 16. Be3 Rdg8 17. cxd5 Qg7 18. Bxg5 Qxg5 19. Rf2 Bxd2 20. f4 Bxf4 21.
Nxf4 Nxd4 22. Bc4 Rd8 23. Rc1 Rh7 24. Nd3 Rg7 25. Qf1 e4 26. Nc5 e3 27. Rxf5
Nxf5 28. Ne6 Qh6 29. Qxf5 e2 30. Nxg7+ Kb8 31. Re1 Qxg7 32. Rxe2 Qf8 33. b3
Qc5+ 34. Qf2 Qd6 35. Re6 Qa3 36. Rxf6 Qc1+ 37. Qf1 Qe3+ 38. Kh1 h3 39. g3 Qe4+
40. Kg1 Qd4+ 41. Kh1 Qe4+ 42. Qf3 Qe1+ 43. Bf1 a6 44. Rf8 Rxf8 45. Qxf8+ Ka7
46. Qc5+ Kb8 47. Kg1 Qd1 48. b4 Qb1 49. a4 Qd1 50. a5 Qb1 51. d6 cxd6 52. Qxd6+
Ka7 53. Qb6+ Ka8 54. b5 axb5 55. a6 bxa6 56. Qxa6+ Kb8 57. Qxb5+ 1-0

[Event "Politiken Cup"]
[Site "Copenhagen"]
[Date "2006.07.26"]
[Round "5.112"]
[White "Bjornes, Leif"]
[Black "Gade, Jens"]
[Result "1/2-1/2"]
[WhiteElo "1710"]
[BlackElo "1395"]
[PlyCount "42"]
[EventDate "2006.??.??"]

1. d4 Nf6 2. c4 d5 3. cxd5 Nxd5 4. e4 Nb6 5. Nf3 e6 6. Be3 Be7 7. Be2 O-O 8.
O-O N8d7 9. Nc3 c6 10. Qc2 Nf6 11. Rfd1 Bd7 12. Ne5 Rc8 13. Rd2 Qc7 14. Rad1
Rfd8 15. f4 Be8 16. g4 Nfd7 17. g5 Nxe5 18. dxe5 Rxd2 19. Rxd2 Rd8 20. Bd3 a6
21. Qb3 c5 1/2-1/2

[Event "Politiken Cup"]
[Site "Copenhagen"]
[Date "2006.07.26"]
[Round "5.113"]
[White "Sørensen, Jens"]
[Black "Christensen, Christoffer Ellegaa"]
[Result "1/2-1/2"]
[WhiteElo "1681"]
[BlackElo "1383"]
[PlyCount "88"]
[EventDate "2006.??.??"]

1. d4 e6 2. c4 d5 3. Nc3 Nf6 4. Bg5 Nbd7 5. cxd5 exd5 6. e3 c6 7. Bd3 Be7 8.
Nge2 O-O 9. O-O Re8 10. Qc2 Ne4 11. Bxe7 Qxe7 12. Rae1 Ndf6 13. f3 Nxc3 14.
Nxc3 Qd7 15. Qf2 Re7 16. e4 dxe4 17. Nxe4 Nd5 18. Nc5 Qd6 19. Rxe7 Qxe7 20. Re1
Be6 21. f4 b6 22. Nxe6 fxe6 23. f5 Rf8 24. Rxe6 Qxe6 25. fxe6 Rxf2 26. Kxf2 g6
27. Ba6 Ne7 28. Bc4 Kg7 29. Ke3 Kf6 30. Ke4 Nf5 31. Bb3 Nd6+ 32. Kf4 Nb5 33. d5
cxd5 34. Bxd5 Nc7 35. Bb3 Nxe6+ 36. Bxe6 Kxe6 37. g4 h6 38. h4 Kf6 39. Ke4 Ke6
40. Kd4 Kd6 41. Kc4 Kc6 42. a3 a6 43. Kd4 Kd6 44. b4 b5 1/2-1/2

[Event "Politiken Cup"]
[Site "Copenhagen"]
[Date "2006.07.26"]
[Round "5.114"]
[White "Bjarnasson, Larus H"]
[Black "Christensen, Casper"]
[Result "0-1"]
[WhiteElo "1670"]
[BlackElo "1252"]
[PlyCount "80"]
[EventDate "2006.??.??"]

1. d4 e6 2. c4 d5 3. Nc3 Nf6 4. Bg5 Nbd7 5. Nf3 Be7 6. e3 O-O 7. c5 h6 8. Bf4
Nh5 9. Bg3 f5 10. Bd3 c6 11. Qe2 b5 12. a3 a5 13. O-O Nxg3 14. hxg3 Bb7 15. b4
g6 16. Qc2 h5 17. Ne2 g5 18. a4 bxa4 19. b5 Kg7 20. Rfb1 Rh8 21. Rxa4 g4 22.
Nf4 Rh6 23. Nd2 h4 24. b6 Qh8 25. Nxe6+ Rxe6 26. Bxf5 Rh6 27. Bxg4 hxg3 28.
fxg3 Nf6 29. Bh3 Rg6 30. Kf2 Qf8 31. Bf5 Nh5 32. Nf1 Rg5 33. e4 dxe4 34. g4
Rxg4 35. Ne3 Rf4+ 36. Ke1 Rxf5 37. Nxf5+ Qxf5 38. Rb3 Bh4+ 39. Kd1 Qf1+ 40. Kd2
Qe1# 0-1

[Event "Politiken Cup"]
[Site "Copenhagen"]
[Date "2006.07.26"]
[Round "5.115"]
[White "Steinskog, Asbjørn Ottesen"]
[Black "Hyldkrog, Mikkel"]
[Result "0-1"]
[WhiteElo "1018"]
[BlackElo "1660"]
[PlyCount "184"]
[EventDate "2006.??.??"]

1. e4 e6 2. d4 d5 3. Bd3 c5 4. c3 Nc6 5. exd5 Qxd5 6. Nf3 Nf6 7. O-O Be7 8. Re1
O-O 9. Ne5 cxd4 10. Bc4 Qc5 11. Nxc6 Qxc6 12. Bd3 dxc3 13. Nxc3 b6 14. Bb5 Qc7
15. Qa4 Bb7 16. Bf4 Qc5 17. Rac1 a6 18. Bf1 b5 19. Qb3 Qf5 20. Bg3 Rac8 21.
Rcd1 Rfd8 22. Re5 Qg6 23. f4 Bd6 24. Re2 Bc5+ 25. Bf2 Bxf2+ 26. Rxf2 Nd5 27. f5
Qf6 28. fxe6 Qxe6 29. Rc2 Qb6+ 30. Kh1 Nxc3 31. Rxd8+ Rxd8 32. Qxc3 Qd6 33. Qe3
h6 34. Rf2 Qd4 35. Qxd4 Rxd4 36. Kg1 Bd5 37. a3 Bc4 38. Bxc4 Rxc4 39. Rd2 g6
40. Kf2 a5 41. Ke3 Rc7 42. Rf2 Kf8 43. Kd3 Ke7 44. Re2+ Kd7 45. Re5 Rb7 46. Kd4
Kc6 47. Rc5+ Kb6 48. Rd5 Rc7 49. Kd3 Kc6 50. Re5 Rd7+ 51. Ke2 Rd5 52. Re7 Rg5
53. Kf3 Rf5+ 54. Ke2 Kd5 55. Ra7 a4 56. Rc7 Kd4 57. Rc3 Rc5 58. Rd3+ Kc4 59.
Rc3+ Kd5 60. Rd3+ Kc6 61. b4 axb3 62. Rxb3 Rc2+ 63. Kf3 Kc5 64. h3 f5 65. g3 g5
66. h4 Rc4 67. hxg5 hxg5 68. Rd3 g4+ 69. Kf2 Rc2+ 70. Ke3 Rg2 71. Kf4 Rf2+ 72.
Ke5 Rf3 73. Rd5+ Kc4 74. Rd4+ Kc5 75. Rd5+ Kb6 76. Ke6 Rxg3 77. Kxf5 Rxa3 78.
Kxg4 Rc3 79. Kf4 Ka5 80. Ke4 Ka4 81. Kd4 b4 82. Rd8 Ka3 83. Rb8 Rc2 84. Ra8+
Kb2 85. Kd3 b3 86. Rh8 Kb1 87. Rh1+ Rc1 88. Rh2 b2 89. Rh8 Rc6 90. Kd2 Ra6 91.
Rh1+ Ka2 92. Kc2 Rc6+ 0-1

[Event "Politiken Cup"]
[Site "Copenhagen"]
[Date "2006.07.26"]
[Round "5.116"]
[White "Tofte, Anders"]
[Black "Zyde, Fadmal"]
[Result "0-1"]
[WhiteElo "1000"]
[BlackElo "1652"]
[PlyCount "95"]
[EventDate "2006.??.??"]

1. e4 e5 2. Nc3 Nc6 3. f4 exf4 4. Nf3 Bb4 5. d4 Nf6 6. a3 Bxc3+ 7. bxc3 Nxe4 8.
Bd2 O-O 9. Bd3 Nxd2 10. Qxd2 Re8+ 11. Kf2 Qf6 12. Rae1 Rf8 13. Re4 g5 14. Rhe1
d5 15. Re8 Bg4 16. Rxa8 Rxa8 17. Ne5 Nxe5 18. dxe5 Qh6 19. h3 Be6 20. Qe2 Qh4+
21. Kg1 f3 22. gxf3 Qg3+ 23. Kh1 Qxh3+ 24. Qh2 Qxf3+ 25. Qg2 Qxg2+ 26. Kxg2 c5
27. Rh1 c4 28. Be2 Kg7 29. Kg3 Bf5 30. Bf3 Rd8 31. Rb1 b6 32. Rb5 Be6 33. a4
Kg6 34. a5 bxa5 35. Rxa5 Rd7 36. Bg4 Bxg4 37. Kxg4 h5+ 38. Kf3 Kf5 39. Ra6 Kxe5
40. Rh6 h4 41. Kg4 f6 42. Rh8 Re7 43. Rb8 Ke4 44. Rb1 Ke5 45. Re1+ Kd6 46. Rf1
Re4+ 47. Kh3 Ke5 48. Rf3 0-1

[Event "Politiken Cup"]
[Site "Copenhagen"]
[Date "2006.07.26"]
[Round "5.117"]
[White "Christensen, Sofus Rønne"]
[Black "Rasmussen, Rene Rosendahl"]
[Result "1-0"]
[WhiteElo "1652"]
[BlackElo "1144"]
[PlyCount "53"]
[EventDate "2006.??.??"]

1. e4 c5 2. Nf3 d6 3. d4 cxd4 4. Nxd4 Nf6 5. Nc3 a6 6. f3 e5 7. Nb3 Be6 8. Be3
Be7 9. g4 O-O 10. Qd2 Nc6 11. O-O-O Qc7 12. g5 Nh5 13. Be2 Nf4 14. Bxf4 exf4
15. Qxf4 Ne5 16. h4 b5 17. Kb1 f5 18. Nd4 Qd7 19. Nxe6 Qxe6 20. Nd5 Rac8 21.
Nxe7+ Qxe7 22. Rhe1 Qe6 23. exf5 Rxf5 24. Qd4 Nc4 25. Bd3 Rd5 26. Rxe6 Rxd4 27.
Bxh7+ 1-0

[Event "Politiken Cup"]
[Site "Copenhagen"]
[Date "2006.07.26"]
[Round "5.119"]
[White "Petersen, Nicolai Kvist Brond"]
[Black "Forså, Elise"]
[Result "1/2-1/2"]
[WhiteElo "1562"]
[BlackElo "1020"]
[PlyCount "102"]
[EventDate "2006.??.??"]

1. d4 d5 2. Nf3 Nf6 3. Bf4 c6 4. e3 e6 5. c4 Bd6 6. Bxd6 Qxd6 7. Nc3 O-O 8. Bd3
Nbd7 9. O-O e5 10. cxd5 cxd5 11. Bb5 exd4 12. Qxd4 Nb6 13. e4 Qf4 14. Rfe1 Bg4
15. e5 Qxd4 16. Nxd4 Nfd7 17. e6 fxe6 18. f3 e5 19. Bxd7 Bxd7 20. Rxe5 Bc6 21.
Ncb5 Nc4 22. Re2 Bxb5 23. Nxb5 Rfe8 24. Rae1 Rxe2 25. Rxe2 a6 26. Nc7 Rd8 27.
b3 Na5 28. Rd2 d4 29. Ne6 Rd6 30. Nc5 Kf7 31. Rd3 Rd5 32. Ne4 b5 33. Kf2 Nc6
34. a3 Ke6 35. f4 h6 36. Kf3 g5 37. g3 Kf5 38. Nc3 Rd8 39. Ne4 Rf8 40. Nc5 Kg6
41. Ke4 gxf4 42. gxf4 a5 43. Nd7 Re8+ 44. Ne5+ Kf6 45. Kd5 Nxe5 46. fxe5+ Rxe5+
47. Kxd4 Ke6 48. Re3 Rxe3 49. Kxe3 Ke5 50. h3 h5 51. h4 Kf5 1/2-1/2

[Event "Politiken Cup"]
[Site "Copenhagen"]
[Date "2006.07.26"]
[Round "5.120"]
[White "Hausken, Morten"]
[Black "Eiholt, Bjarne"]
[Result "0-1"]
[WhiteElo "1400"]
[BlackElo "1650"]
[PlyCount "120"]
[EventDate "2006.??.??"]

1. e4 c6 2. c3 d5 3. d3 dxe4 4. dxe4 Qxd1+ 5. Kxd1 Nf6 6. Nd2 e5 7. Ngf3 Ng4 8.
Ke2 Bc5 9. h3 Nxf2 10. Rh2 O-O 11. b4 Bb6 12. Nc4 Nxe4 13. Nfxe5 Ng3+ 14. Ke1
Nxf1 15. Kxf1 Bc7 16. Bf4 Be6 17. g3 Na6 18. Nd2 Rad8 19. h4 Rd5 20. Re2 Rfd8
21. c4 Rd4 22. b5 cxb5 23. cxb5 Bxe5 24. Rxe5 Nb4 25. Rae1 Nd3 26. Nf3 R4d7 27.
Bg5 Rc8 28. Rxe6 fxe6 29. Rxe6 Rf8 30. Ke2 h6 31. Be3 b6 32. Nd4 Nc5 33. Re5
Rdf7 34. Nc6 Nb7 35. Nxa7 Nd6 36. Bxb6 Nc4 37. Re6 Nxb6 38. Rxb6 Rxa7 39. Rc6
Rxa2+ 40. Kd3 Rb8 41. b6 Rb2 42. Ke4 R2xb6 43. Rc2 Rf6 44. g4 Re8+ 45. Kd3 Rd6+
46. Kc3 Rc8+ 47. Kb2 Rxc2+ 48. Kxc2 Kf7 49. g5 hxg5 50. hxg5 Ke6 51. Kc3 Ke5
52. Kc4 Rd8 53. Kc3 Ke4 54. Kc2 Ke3 55. Kc1 Ke2 56. Kc2 Rc8+ 57. Kb3 Kd3 58.
Kb4 Rc1 59. Kb5 Kd4 60. Kb6 Kd5 0-1

[Event "Politiken Cup"]
[Site "Copenhagen"]
[Date "2006.07.26"]
[Round "5.122"]
[White "Nielsen, Bjørn"]
[Black "Jørgensen, Morten"]
[Result "0-1"]
[WhiteElo "1090"]
[BlackElo "1473"]
[PlyCount "66"]
[EventDate "2006.??.??"]

1. b4 e5 2. Ba3 d6 3. e4 f5 4. Bd3 Qg5 5. Qf3 f4 6. Nh3 Qg6 7. Nc3 Bg4 8. Bb5+
c6 9. Qd3 cxb5 10. Qxb5+ Bd7 11. Qd3 Qxg2 12. O-O-O Qxh3 13. Nd5 Na6 14. Qxh3
Bxh3 15. b5 Bg2 16. Rhg1 Bxe4 17. bxa6 Bxd5 18. Kb1 bxa6 19. Ka1 Nf6 20. Rge1
Be7 21. d4 e4 22. Rc1 Rc8 23. Bb2 Rc4 24. c3 Kd7 25. Re2 Ra4 26. a3 Be6 27. Rg1
g6 28. Bc1 Rb8 29. Bb2 Bc4 30. Rd2 d5 31. Rgd1 Bxa3 32. Bxa3 Rxa3+ 33. Ra2
Rxa2# 0-1

[Event "Politiken Cup"]
[Site "Copenhagen"]
[Date "2006.07.26"]
[Round "5.123"]
[White "Almasy, Alexander Christian"]
[Black "Larsen, Alex"]
[Result "1-0"]
[WhiteElo "1426"]
[BlackElo "1171"]
[PlyCount "53"]
[EventDate "2006.??.??"]

1. d4 Nf6 2. Nf3 e6 3. Bf4 b6 4. e3 Bb7 5. Bd3 Be7 6. Nbd2 d6 7. h3 Nbd7 8. c3
O-O 9. Rg1 Nh5 10. Bh2 f5 11. Qe2 c5 12. Bc4 d5 13. Bd3 Nhf6 14. Ne5 Nxe5 15.
Bxe5 Ne4 16. O-O-O Nxd2 17. Rxd2 Bf6 18. f4 Bc6 19. g4 Bxe5 20. fxe5 cxd4 21.
exd4 Qg5 22. Qd1 a6 23. gxf5 Qh6 24. fxe6 Rf2 25. Kc2 Raf8 26. Rg2 Rf1 27. Bxf1
1-0

[Event "Politiken Cup"]
[Site "Copenhagen"]
[Date "2006.07.26"]
[Round "5.124"]
[White "Mølvig, Julius"]
[Black "Ovesen, Karsten"]
[Result "0-1"]
[WhiteElo "1000"]
[BlackElo "1407"]
[PlyCount "58"]
[EventDate "2006.??.??"]

1. d4 d5 2. c4 c6 3. Nc3 Nf6 4. Nf3 Bf5 5. Bf4 e6 6. e3 Qb6 7. c5 Qxb2 8. Qc1
Qb4 9. Bc7 Ne4 10. Rb1 Qxc3+ 11. Qxc3 Nxc3 12. Rxb7 Nd7 13. Ne5 Nxe5 14. dxe5
Bxc5 15. Bb8 O-O 16. Bd6 Bxd6 17. exd6 Rfd8 18. g3 Be4 19. Rg1 Rxd6 20. Kd2 Na4
21. Bh3 c5 22. Bg4 Rb6 23. Rc7 c4 24. Bh5 g6 25. Bd1 Rb2+ 26. Kc1 Rxa2 27. Re1
Rb8 28. Bc2 Rxc2+ 29. Kd1 Rb1# 0-1

[Event "Politiken Cup"]
[Site "Copenhagen"]
[Date "2006.07.26"]
[Round "5.125"]
[White "Gjedsted, Søren Havn"]
[Black "Zyde, Furat"]
[Result "0-1"]
[WhiteElo "1360"]
[BlackElo "1200"]
[PlyCount "84"]
[EventDate "2006.??.??"]

1. e4 e5 2. Nc3 Nf6 3. f4 d6 4. Nf3 Nc6 5. Bb5 Bd7 6. d3 Qe7 7. f5 g6 8. Bg5
Bg7 9. O-O Nb4 10. Bxd7+ Qxd7 11. fxg6 fxg6 12. Nxe5 dxe5 13. Bxf6 Bxf6 14.
Rxf6 Qd4+ 15. Kh1 O-O-O 16. a3 Nc6 17. Qf3 Rdg8 18. Qh3+ Kb8 19. Rf7 h5 20.
Raf1 Nd8 21. R7f2 c6 22. Nd1 g5 23. Qe3 Qd6 24. Rf6 Ne6 25. R1f5 Rf8 26. Rxf8+
Rxf8 27. Rxf8+ Qxf8 28. Qf2 Qg7 29. Qf5 Nd4 30. Qf2 g4 31. Ne3 Qg5 32. g3 Nf3
33. Kg2 h4 34. Nxg4 Ne1+ 35. Qxe1 Qxg4 36. Kg1 h3 37. Qf2 Qd1+ 38. Qf1 Qxc2 39.
Qf8+ Kc7 40. Qe7+ Kb6 41. Qb4+ Kc7 42. Qe1 Qg2# 0-1

[Event "Politiken Cup"]
[Site "Copenhagen"]
[Date "2006.07.26"]
[Round "5.126"]
[White "Kristensen, Steffen Michael"]
[Black "Holmen, Halfdan"]
[Result "1-0"]
[WhiteElo "1319"]
[BlackElo "1000"]
[PlyCount "27"]
[EventDate "2006.??.??"]

1. e4 e5 2. Nf3 Nc6 3. Bb5 Nf6 4. Bxc6 bxc6 5. Nxe5 Qe7 6. d4 Nxe4 7. O-O f6 8.
Qh5+ Kd8 9. Nf7+ Ke8 10. Nxh8+ g6 11. Nxg6 hxg6 12. Qxg6+ Kd8 13. Re1 d5 14. f3
1-0

[Event "Politiken Cup"]
[Site "Copenhagen"]
[Date "2006.07.26"]
[Round "5.127"]
[White "Thingstad, Tormod"]
[Black "Mossiaguine, Arina"]
[Result "1-0"]
[WhiteElo "1000"]
[BlackElo "1200"]
[PlyCount "73"]
[EventDate "2006.??.??"]

1. c4 Nc6 2. Nc3 e5 3. g3 Bc5 4. Bg2 Nf6 5. Nf3 h6 6. a3 e4 7. Nh4 d5 8. cxd5
Ne7 9. b4 Bd4 10. Rb1 Bxf2+ 11. Kxf2 Ng4+ 12. Ke1 f5 13. h3 Ne5 14. e3 Nxd5 15.
Qh5+ Kf8 16. Nxf5 Nf6 17. Qe2 Bxf5 18. Rf1 Nd3+ 19. Kd1 Qd7 20. g4 Bh7 21. Rb3
b5 22. Nxe4 Bxe4 23. Bxe4 c6 24. Rxd3 Qe6 25. Bb2 Kf7 26. Bf5 Qe7 27. Bxf6 Qxf6
28. Be6+ Kxe6 29. Rxf6+ gxf6 30. Qf3 Raf8 31. Qxc6+ Kf7 32. Rd7+ Kg6 33. h4 h5
34. g5 Rf7 35. Rxf7 Kxf7 36. Qxf6+ Kg8 37. g6 1-0

[Event "Politiken Cup"]
[Site "Copenhagen"]
[Date "2006.07.27"]
[Round "6.1"]
[White "Kristiansen, Jens"]
[Black "Malakhatko, Vadim"]
[Result "0-1"]
[WhiteElo "2425"]
[BlackElo "2594"]
[PlyCount "64"]
[EventDate "2006.??.??"]

1. e4 c5 2. d3 Nc6 3. g3 d5 4. Nd2 Nf6 5. Ngf3 Bg4 6. Bg2 e6 7. O-O Be7 8. h3
Bh5 9. g4 Bg6 10. Nh4 dxe4 11. dxe4 Bxe4 12. Bxe4 Nxe4 13. Nxe4 Bxh4 14. Nd6+
Kf8 15. Bf4 Be7 16. Bg3 Nd4 17. Nc4 Qd5 18. Nd2 h5 19. f3 hxg4 20. hxg4 Bd6 21.
Ne4 Bxg3 22. Nxg3 Rd8 23. c3 Nc6 24. Qe2 Qd2 25. Rae1 b6 26. f4 Qxe2 27. Rxe2
Rh4 28. g5 Rd3 29. Kg2 Ne7 30. f5 Nd5 31. Kf2 Rf4+ 32. Kg2 Rxg3+ 0-1

[Event "Politiken Cup"]
[Site "Copenhagen"]
[Date "2006.07.27"]
[Round "6.2"]
[White "Hoi, Carsten"]
[Black "Karlsson, Lars"]
[Result "0-1"]
[WhiteElo "2386"]
[BlackElo "2506"]
[PlyCount "72"]
[EventDate "2006.??.??"]

1. d4 e6 2. c4 f5 3. Nf3 Nf6 4. d5 Bb4+ 5. Nbd2 Qe7 6. Qc2 O-O 7. a3 Bxd2+ 8.
Bxd2 Ne4 9. g3 e5 10. Bg2 d6 11. O-O f4 12. Nh4 Nxd2 13. Qxd2 e4 14. Bh1 Nd7
15. Ng2 g5 16. f3 e3 17. Qd4 Nc5 18. Qc3 Bh3 19. b4 Nd7 20. Rfd1 Rf6 21. Qd4 b6
22. Rac1 Raf8 23. a4 Rh6 24. Ne1 Qf7 25. g4 Rh4 26. Bg2 h5 27. Bxh3 Rxh3 28.
Kg2 hxg4 29. fxg4 Qh7 30. Nf3 Ne5 31. Rh1 Nxf3 32. exf3 Rxf3 33. Kxf3 Qh3+ 34.
Ke4 Qg2+ 35. Kd3 Qd2+ 36. Ke4 Re8+ 0-1

[Event "Politiken Cup"]
[Site "Copenhagen"]
[Date "2006.07.27"]
[Round "6.3"]
[White "Negi, Parimarjan"]
[Black "Rasmussen, Allan Stig"]
[Result "0-1"]
[WhiteElo "2480"]
[BlackElo "2353"]
[PlyCount "80"]
[EventDate "2006.??.??"]

1. e4 c6 2. d4 d5 3. e5 Bf5 4. c4 e6 5. Nc3 Ne7 6. Nge2 dxc4 7. Ng3 Bd3 8. Bxd3
cxd3 9. Qxd3 Nd7 10. f4 g6 11. O-O h5 12. Be3 Nf5 13. Nge4 Be7 14. Bf2 Nb6 15.
a3 Nd5 16. Nxd5 Qxd5 17. b4 O-O 18. Rfd1 Rfd8 19. Rac1 Qd7 20. g3 a5 21. h3
axb4 22. axb4 Kg7 23. g4 Nh6 24. Nf6 Qc7 25. Bh4 hxg4 26. Bg5 g3 27. Bxh6+ Kxh6
28. Qxg3 Kg7 29. Qg5 Rh8 30. Rd3 Qd8 31. Rb1 Bxf6 32. Qxf6+ Qxf6 33. exf6+ Kxf6
34. b5 Rhd8 35. bxc6 bxc6 36. Kf2 c5 37. Rbd1 Ra4 38. dxc5 Rxd3 39. Rxd3 Rxf4+
40. Kg3 Rc4 0-1

[Event "Politiken Cup"]
[Site "Copenhagen"]
[Date "2006.07.27"]
[Round "6.5"]
[White "Hansen, Curt"]
[Black "Andersen, Dan"]
[Result "1-0"]
[WhiteElo "2625"]
[BlackElo "2278"]
[PlyCount "55"]
[EventDate "2006.??.??"]

1. d4 Nf6 2. Nf3 d6 3. c4 Nbd7 4. Nc3 e5 5. e4 Be7 6. Be2 O-O 7. O-O c6 8. Re1
Re8 9. Bf1 Bf8 10. Rb1 a5 11. d5 g6 12. a3 c5 13. b3 Nh5 14. Qc2 Ng7 15. Bh6
Nb6 16. b4 axb4 17. axb4 cxb4 18. Rxb4 Nd7 19. Na4 f5 20. Bd3 fxe4 21. Bxe4 Nf6
22. Nb6 Rb8 23. Bg5 Be7 24. Nxc8 Qxc8 25. Reb1 Nxe4 26. Qxe4 Bxg5 27. Nxg5 Re7
28. Nxh7 1-0

[Event "Politiken Cup"]
[Site "Copenhagen"]
[Date "2006.07.27"]
[Round "6.6"]
[White "Bromann, Thorbjorn"]
[Black "Short, Nigel D"]
[Result "0-1"]
[WhiteElo "2364"]
[BlackElo "2676"]
[PlyCount "106"]
[EventDate "2006.??.??"]

1. c4 e5 2. g3 d6 3. Bg2 Nc6 4. Nc3 Be6 5. d3 Qd7 6. e4 f5 7. Nd5 fxe4 8. dxe4
Nd8 9. Qd3 c6 10. Nc3 Be7 11. h3 Nf6 12. Nge2 O-O 13. g4 Bf7 14. Be3 Ne6 15. b3
Qc7 16. O-O Nd7 17. Rfd1 a5 18. Qd2 Ndc5 19. Ng3 g6 20. Nce2 Be8 21. Rac1 Rd8
22. Rb1 Bh4 23. Rf1 Rd7 24. a3 a4 25. b4 Nb3 26. Qd1 Nf4 27. Nc3 Rdf7 28. Nxa4
Nd4 29. Nc3 Bxg3 30. fxg3 Nxg2 31. Rxf7 Qxf7 32. Kxg2 Qxc4 33. Rc1 g5 34. Bxd4
exd4 35. Ne2 Qf7 36. Nxd4 Qf2+ 37. Kh1 Qxg3 38. Nf5 Qxh3+ 39. Kg1 Bg6 40. Qe2
Qxa3 41. Qc4+ d5 42. exd5 Bxf5 43. dxc6+ Kg7 44. gxf5 Qg3+ 45. Kh1 Qf3+ 46. Kg1
Qg3+ 47. Kh1 Rf6 48. Qd4 bxc6 49. Rc5 Qd6 50. Qg4 Rh6+ 51. Kg1 Qh2+ 52. Kf1
Qh1+ 53. Ke2 Rh2+ 0-1

[Event "Politiken Cup"]
[Site "Copenhagen"]
[Date "2006.07.27"]
[Round "6.8"]
[White "Semcesen, Daniel"]
[Black "De Firmian, Nick E"]
[Result "1/2-1/2"]
[WhiteElo "2266"]
[BlackElo "2559"]
[PlyCount "120"]
[EventDate "2006.??.??"]

1. d4 Nf6 2. c4 e6 3. Nf3 c5 4. d5 exd5 5. cxd5 d6 6. Nc3 a6 7. a4 g6 8. g3 Bg7
9. Bg2 O-O 10. O-O Nbd7 11. Bf4 Qe7 12. h3 Rb8 13. Rb1 Re8 14. Re1 Nh5 15. Bg5
Qf8 16. Qc2 Ne5 17. Nxe5 Bxe5 18. b4 cxb4 19. Rxb4 Bd7 20. Qd3 Rec8 21. Rc1 f5
22. Bd2 Rc7 23. Na2 Rbc8 24. Rxc7 Rxc7 25. Rc4 Qc8 26. Rxc7 Qxc7 27. Qb3 b5 28.
a5 f4 29. g4 Nf6 30. Kf1 g5 31. Ke1 Be8 32. Bb4 Bg6 33. Kd2 Qa7 34. e3 fxe3+
35. fxe3 Qf7 36. Ke2 Be4 37. Bxe4 Nxe4 38. Be1 Nc5 39. Qd1 Qg6 40. Nb4 Qe4 41.
Qc2 Qg2+ 42. Bf2 Bg3 43. Qf5 Qxf2+ 44. Qxf2 Bxf2 45. Kxf2 Kf7 46. Kf3 Kf6 47.
e4 Nb3 48. Nc6 Nd2+ 49. Ke3 Nc4+ 50. Kd4 Kf7 51. Kd3 Ke8 52. Kd4 Kf7 53. Kd3
Kg6 54. Kc3 Kf6 55. Kd4 Nd2 56. Ke3 Nb3 57. Kd3 Nc5+ 58. Kd4 Nb7 59. Ke3 Kg6
60. Kd4 Kf6 1/2-1/2

[Event "Politiken Cup"]
[Site "Copenhagen"]
[Date "2006.07.27"]
[Round "6.9"]
[White "Hector, Jonny"]
[Black "Degtiarev, Evgeny"]
[Result "1-0"]
[WhiteElo "2508"]
[BlackElo "2378"]
[PlyCount "99"]
[EventDate "2006.??.??"]

1. e4 c5 2. Nf3 d6 3. d4 cxd4 4. Nxd4 Nf6 5. Nc3 Nc6 6. f4 g6 7. Nf3 Bg7 8. Bd3
Qb6 9. Qe2 Bg4 10. Qf2 Qxf2+ 11. Kxf2 Nb4 12. Be3 O-O 13. Nd4 Bc8 14. h3 b6 15.
a3 Nd7 16. Nd5 Nxd5 17. exd5 Nc5 18. Bb5 Bb7 19. Nc6 Bxb2 20. Nxe7+ Kg7 21.
Rae1 Bf6 22. Bxc5 bxc5 23. Re2 Rab8 24. Rd1 Bc8 25. Nc6 Ra8 26. g4 h6 27. Rb1
Bh4+ 28. Kf3 f5 29. Rg1 g5 30. Re7+ Rf7 31. Rxf7+ Kxf7 32. Rb1 a6 33. Bd3 fxg4+
34. hxg4 gxf4 35. Kxf4 Kg7 36. a4 Kg8 37. Rb6 Kf7 38. Bf5 Bg5+ 39. Ke4 Kf6 40.
Nb8 Bxf5+ 41. gxf5 Kf7 42. Rb7+ Be7 43. Kf4 c4 44. c3 Ke8 45. Kg4 Kf7 46. Nc6
Rg8+ 47. Kh5 Rg3 48. Rxe7+ Kf8 49. f6 Rxc3 50. Nd4 1-0

[Event "Politiken Cup"]
[Site "Copenhagen"]
[Date "2006.07.27"]
[Round "6.11"]
[White "Howell, David WL"]
[Black "De Haan, Eric"]
[Result "1-0"]
[WhiteElo "2479"]
[BlackElo "2295"]
[PlyCount "69"]
[EventDate "2006.??.??"]

1. e4 c5 2. c3 Nf6 3. e5 Nd5 4. Nf3 e6 5. d4 cxd4 6. Bc4 d6 7. cxd4 Nb6 8. Bb3
dxe5 9. Nxe5 Nc6 10. Nf3 Be7 11. Nc3 Nb4 12. O-O O-O 13. Re1 Bd7 14. a3 N4d5
15. Qd3 Bc6 16. Ne5 Rc8 17. Bc2 Nf6 18. Bg5 g6 19. Rad1 Nbd5 20. Bb3 Qd6 21.
Qh3 Rc7 22. Rd3 Nh5 23. Bxe7 Rxe7 24. Qh4 Ndf4 25. Nxc6 Qxc6 26. Rf3 Rc7 27.
Rxf4 Qb6 28. Bd1 Qxb2 29. Bxh5 Qxc3 30. Rfe4 Qxa3 31. Bf3 Rd7 32. h3 Rfd8 33.
d5 Rxd5 34. R4e3 Rd3 35. Qxd8+ 1-0

[Event "Politiken Cup"]
[Site "Copenhagen"]
[Date "2006.07.27"]
[Round "6.12"]
[White "Wustefeld, Carl"]
[Black "Aagaard, Jacob"]
[Result "0-1"]
[WhiteElo "2248"]
[BlackElo "2457"]
[PlyCount "56"]
[EventDate "2006.??.??"]

1. e4 c5 2. d4 cxd4 3. c3 dxc3 4. Nxc3 Nc6 5. Bc4 d6 6. Nf3 a6 7. O-O Nf6 8.
Bg5 e6 9. Qe2 h6 10. Bf4 e5 11. Be3 Be7 12. Rfd1 Be6 13. b4 O-O 14. Nd5 b5 15.
Bb3 Bxd5 16. exd5 Nxb4 17. a3 Nd3 18. Rxd3 e4 19. Rd4 exf3 20. Qxf3 Nd7 21.
Rad1 Bg5 22. Bc2 Ne5 23. Qf5 g6 24. Qh3 Qc8 25. Qxc8 Rfxc8 26. Bxg5 hxg5 27.
Be4 Nc4 28. Bf3 Nxa3 0-1

[Event "Politiken Cup"]
[Site "Copenhagen"]
[Date "2006.07.27"]
[Round "6.13"]
[White "Schou-Moldt, Thomas"]
[Black "Jakobsen, Ole"]
[Result "0-1"]
[WhiteElo "2184"]
[BlackElo "2387"]
[PlyCount "86"]
[EventDate "2006.??.??"]

1. d4 Nf6 2. Nf3 d6 3. Bf4 g6 4. Nbd2 Bg7 5. e3 O-O 6. Be2 b6 7. a4 a5 8. O-O
Bb7 9. h3 Nbd7 10. Bh2 e6 11. Nc4 Qe7 12. Ra3 Ne4 13. Re1 f5 14. Nfd2 Nxd2 15.
Nxd2 Nf6 16. Nf3 Ne4 17. c4 Kh8 18. Rb3 Rad8 19. Rf1 Bc6 20. Ra3 e5 21. Qc2 Ng5
22. Ne1 exd4 23. h4 Ne6 24. h5 g5 25. h6 Bxh6 26. Nf3 Bxf3 27. Bxf3 Bg7 28. Bd5
Qf6 29. exd4 Nxd4 30. Qd2 c6 31. Bf3 Rfe8 32. Bd1 c5 33. Bf3 g4 34. Bd5 Re2 35.
Qd1 f4 36. Rd3 Rde8 37. Qc1 Rc2 38. Qd1 Ree2 39. Re3 fxe3 40. fxe3 Nf3+ 41.
gxf3 Rg2+ 42. Kh1 Rxh2+ 43. Kg1 Rcg2# 0-1

[Event "Politiken Cup"]
[Site "Copenhagen"]
[Date "2006.07.27"]
[Round "6.14"]
[White "Antonsen, Mikkel"]
[Black "Lund, Esben"]
[Result "1-0"]
[WhiteElo "2380"]
[BlackElo "2296"]
[PlyCount "65"]
[EventDate "2006.??.??"]

1. d4 d5 2. c4 c6 3. Nf3 Nf6 4. e3 a6 5. Nbd2 b5 6. c5 Nbd7 7. b4 a5 8. a4 axb4
9. Bb2 bxa4 10. Rxa4 Rb8 11. Ra7 e5 12. Qa4 exd4 13. exd4 Bb7 14. Nb3 Ne4 15.
Na5 Qe7 16. Be2 Ndxc5 17. dxc5 Nxc5 18. Qd1 Qc7 19. Nxb7 Rxb7 20. Ra8+ Rb8 21.
Rxb8+ Qxb8 22. O-O Bd6 23. Bxg7 Rg8 24. Bb2 Ne6 25. g3 Kd7 26. Nd4 Qb6 27. Nf3
b3 28. Qd3 Ke8 29. Qxh7 Rg4 30. Qh8+ Kd7 31. Ra1 Nf4 32. Ne5+ Bxe5 33. Bxg4+
1-0